书目信息 |
| 书名: | The golden treasury of the best songs and lyrical poems in the English language | |
| 作者: | selected and arranged by Francis Turner Palgrave. | |
| 分册号: | ||
| 分册名: | 出版地: | London : |
|
| 出版社: | Oxford University Press | |
| 出版时间: | c1929. | |
| 页数: | 767 p. ; | |
| 开本: | 16 cm. | |
| 丛书名: | ||
| 中图分类号: | ||
| 科图分类号: | ||
| 其他分类号: | I561.2 | |
| 主题词: | ||
| 电子资源: | ||
| 000 | 00705nam 2200205I 4504 | |
| 001 | E0758806447 | |
| 005 | 20070228162152.01 | |
| 008 | 031204n1929 enk 000 0 eng | |
| 010 | @a29030213 | |
| 040 | @aNUL@cNUL | |
| 090 | @aK551.61/W28 | |
| 090 | @aI561.2 | |
| 099 | @dI561.2@ex39 | |
| 245 | 04 | @aThe golden treasury of the best songs and lyrical poems in the English language :@bwith additional poems to the present day / @cselected and arranged by Francis Turner Palgrave. |
| 250 | @aAnnotated ed. | |
| 260 | @aLondon :@bOxford University Press,@cc1929. | |
| 300 | @a767 p. ;@c16 cm. | |
| 650 | 0 | @aEnglish poetry. |
| 700 | 1 | @aPalgrave, Francis Turner,@d1824-1897. |
| 920 | @a232010@z2 | |
| The golden treasury of the best songs and lyrical poems in the English language : : with additional poems to the present day / / selected and arranged by Francis Turner Palgrave.-Annotated ed.-London : : Oxford University Press, , c1929. |
| 767 p. ; ; 16 cm. |
| ISBN |
| ● |
| 相关链接 |
|
|
|
|
正题名:golden treasury of the best songs and lyrical poems in the English language
索取号:I561.2/x39
 
预约/预借
| 序号 | 登录号 | 条形码 | 馆藏地/架位号 | 状态 | 备注 |
| 1 | 183002 | 001681674 | 第二样本阅览室/ [索取号:I561.2/x39] | 在馆 | |
| 2 | 183003 | 001681629 | 第四借阅区/ [索取号:I561.2/x39] | 在馆 |